00702nam a22002057a 4500003000500000005001700005008004100022010000900063011000900072035000900081040000900090100002400099245012100123260004000244300001100284502009900295650003800394650003400432700003000466CHAP20220329133607.0971013s1993 r 00010 d a8311 a9283 a8518 cCHAP00aPaz Rojas, Tomás. aSituación laboral de los trabajadores agrícolas mexicanos en Estados Unidosb: los mixtecos en el sur de Florida aChapingo, Méx. :bEl autor,c1993 a173 h. aTesis (Ing. Agr. Esp. en Economía Agrícola) -- UACH. Departamento de Economía Agrícola14aAgriculturaxTrabajadoresxE.U.A.14aEmigración e inmigración.0 aAlvarez Merino, Samuel J.